000 00245nam a2200097Ia 4500
001 714015
005 20250826162857.0
008 250824s9999 xx 000 0 und d
245 0 _aKRAMPONLU CESET
_cCELİL OKER
260 _bALTIN KİTAPLAR YAYINLARI
999 _c714015
_d714015